[Event "ROM-ch U14"]
[Site "Calimanesti Caciulata"]
[Date "2019.04.15"]
[Round "1"]
[White "Serban, Cristian Stefan"]
[Black "Gavris, Alexandru Catalin"]
[Result "1-0"]
[WhiteElo "2026"]
[BlackElo "1511"]
[PlyCount "78"]
[EventDate "2019.04.15"]
[EventType "swiss"]
[EventRounds "9"]
[EventCountry "ROU"]
[SourceTitle "CBM 190 Extra"]
[Source "ChessBase"]
[SourceDate "2019.07.15"]
[SourceVersion "1"]
[SourceVersionDate "2019.07.15"]
[SourceQuality "1"]

1. d4 d5 2. c4 c6 3. Nc3 Nf6 4. e3 a6 5. Nf3 b5 6. c5 Bg4 7. Be2 Nbd7 8. Ne5 Nxe5 9. dxe5 Bxe2 10. Nxe2 Nd7 11. e6 fxe6 12. Nf4 Nf6 13. Nxe6 Qd7 14. Nxf8 Rxf8 15. 0-0 Qf5 16. a4 Kf7 17. b4 Qe5 18. Qd4 Qe4 19. Bb2 Qxd4 20. exd4 Rfb8 21. Bc3 Ne4 22. Be1 Ng5 23. f4 Ne4 24. Rf3 Rf8 25. Rfa3 Rac8 26. axb5 axb5 27. Ra7 h6 28. R1a6 Ke6 29. Bg3 Nxg3 30. hxg3 g5 31. fxg5 hxg5 32. Ra1 Rf7 33. Re1+ Kf6 34. Ra2 e6 35. Rf2+ Ke7 36. Rfe2 Rf6 37. Re5 Rg8 38. Ra1 Rf7 39. Rae1 Rf6 1-0

[Event "ROM-chT2"]
[Site "Gilau"]
[Date "2018.10.08"]
[Round "2.6"]
[White "Balan, Briana Cleopatra"]
[Black "Gavris, Alexandru Catalin"]
[Result "0-1"]
[WhiteElo "1723"]
[BlackElo "1515"]
[PlyCount "84"]
[EventDate "2018.10.07"]
[EventType "team-swiss"]
[EventRounds "9"]
[EventCountry "ROU"]
[SourceTitle "CBM 187 Extra"]
[Source "ChessBase"]
[SourceDate "2018.11.04"]
[SourceVersion "1"]
[SourceVersionDate "2018.11.04"]
[SourceQuality "1"]
[WhiteTeam "Bistrita"]
[BlackTeam "Cluj Viitorul"]
[WhiteTeamCountry "ROU"]
[BlackTeamCountry "ROU"]

1. e4 d5 2. exd5 Qxd5 3. Nf3 Nf6 4. d4 c6 5. c4 Qd6 6. Nc3 Bg4 7. Be2 e6 8. Be3 Be7 9. 0-0 0-0 10. Qd2 Rd8 11. a3 Qc7 12. Rac1 Nbd7 13. b4 Bxf3 14. Bxf3 Ne5 15. Qe2 Nxf3+ 16. Qxf3 a5 17. c5 axb4 18. axb4 Ra3 19. Bf4 Qd7 20. Rfd1 Nd5 21. Rd2 Nxc3 22. Rd3 Na2 23. Rxa3 Nxc1 24. Be3 h6 25. Qd1 Bg5 26. Qxc1 Qxd4 27. Bxd4 Bxc1 28. Ra1 Rxd4 29. Rxc1 Rxb4 30. g3 Kf8 31. Kg2 Ke7 32. Rc2 Rb5 33. Kf3 e5 34. Ke4 Ke6 35. f3 f5+ 36. Ke3 g5 37. Rc3 h5 38. Kd3 Kd5 39. Ke3 f4+ 40. gxf4 exf4+ 41. Kd3 Rxc5 42. Rxc5+ Kxc5 0-1

[Event "ROM-ch U14"]
[Site "Calimanesti"]
[Date "2018.03.28"]
[Round "2"]
[White "Gavris, Alexandru Catalin"]
[Black "Sarighioleanu, Sebastian Laurentiu"]
[Result "0-1"]
[WhiteElo "1535"]
[BlackElo "1811"]
[PlyCount "74"]
[EventDate "2018.03.27"]
[EventType "swiss"]
[EventRounds "9"]
[EventCountry "ROU"]
[SourceTitle "CBM 183 Extra"]
[Source "ChessBase"]
[SourceDate "2018.04.19"]
[SourceVersion "1"]
[SourceVersionDate "2018.04.19"]
[SourceQuality "1"]

1. e4 c5 2. Nc3 e6 3. f4 Nc6 4. Nf3 d6 5. g3 Nf6 6. Bg2 Be7 7. d3 0-0 8. 0-0 a6 9. a4 Qc7 10. Kh1 Rb8 11. Be3 b5 12. axb5 axb5 13. e5 dxe5 14. Nxe5 Nxe5 15. fxe5 Nd7 16. Ne4 Nxe5 17. Bf4 Bb7 18. Qh5 f5 19. Ng5 Bxg5 20. Qxg5 Bxg2+ 21. Kxg2 Qb7+ 22. Kg1 Nf7 23. Qh5 Ra8 24. b3 Qd5 25. Qe2 Rxa1 26. Rxa1 Qd4+ 27. Kg2 Qxa1 28. Qxe6 Qa8+ 29. Kf2 Qc8 30. Qd5 Rd8 31. Qf3 b4 32. h4 Qd7 33. h5 Qd4+ 34. Be3 Qd5 35. Qf4 Ne5 36. h6 Ng4+ 37. Ke2 Qe6 0-1

[Event "ROM-ch U12"]
[Site "Baile Felix"]
[Date "2017.02.04"]
[Round "3"]
[White "Metehau, Luca Mihnea"]
[Black "Gavris, Alexandru Catalin"]
[Result "1-0"]
[WhiteElo "1757"]
[BlackElo "1488"]
[PlyCount "119"]
[EventDate "2017.02.02"]
[EventType "swiss"]
[EventRounds "9"]
[EventCountry "ROU"]
[SourceTitle "CBM 176 Extra"]
[Source "ChessBase"]
[SourceDate "2017.03.02"]
[SourceVersion "1"]
[SourceVersionDate "2017.03.02"]
[SourceQuality "1"]

1. e4 c5 2. d4 cxd4 3. c3 dxc3 4. Nxc3 Nc6 5. Bc4 e6 6. Nf3 a6 7. 0-0 Qc7 8. Qe2 Bd6 9. Rd1 Nge7 10. Bg5 f6 11. Bh4 0-0 12. Bg3 Bxg3 13. hxg3 Kh8 14. Rac1 Ng6 15. Bb3 Nge5 16. Nxe5 Qxe5 17. Qe3 Qc7 18. Na4 b5 19. Nb6 Rb8 20. Qc5 Rd8 21. Nxc8 Rbxc8 22. Qd6 Qxd6 23. Rxd6 Nb8 24. Rcd1 Re8 25. f3 Kg8 26. a4 Rc6 27. Kf2 Kf7 28. axb5 axb5 29. Ke3 Ke7 30. R6d4 Rec8 31. Ra1 Ra6 32. Rad1 Rcc6 33. Kd3 Rd6 34. Kc3 Rxd4 35. Kxd4 Nc6+ 36. Kc5 b4 37. Rc1 Ra5+ 38. Kb6 Ra8 39. f4 Kd8 40. Rd1 Rb8+ 41. Kc5 Kc7 42. Ba4 h6 43. Rd6 Rb7 44. Rxd7+ Kxd7 45. Bxc6+ Kc7 46. Bxb7 Kxb7 47. Kxb4 Kb6 48. Kc4 g6 49. g4 h5 50. gxh5 gxh5 51. g3 Kc6 52. b4 Kb6 53. b5 f5 54. exf5 exf5 55. Kd5 Kxb5 56. Ke5 Kc5 57. Kxf5 Kd5 58. Kg5 Ke6 59. f5+ Kf7 60. Kxh5 1-0

[Event "ROM-ch U12"]
[Site "Calimanesti Caciulata"]
[Date "2016.04.19"]
[Round "2"]
[White "Gavris, Alexandru Catalin"]
[Black "Danila, Stefan"]
[Result "0-1"]
[WhiteElo "1578"]
[BlackElo "1161"]
[PlyCount "76"]
[EventDate "2016.04.18"]
[EventType "swiss"]
[EventRounds "9"]
[EventCountry "ROU"]
[SourceTitle "CBM 172 Extra"]
[Source "ChessBase"]
[SourceDate "2016.06.21"]
[SourceVersion "1"]
[SourceVersionDate "2016.06.21"]
[SourceQuality "1"]

1. c4 c5 2. Nc3 Nf6 3. d3 g6 4. g3 d5 5. cxd5 Nxd5 6. Bg2 Nxc3 7. bxc3 Bg7 8. Bb2 0-0 9. Qb3 Qb6 10. Nf3 Nc6 11. 0-0 Qxb3 12. axb3 Be6 13. Ra3 b5 14. Rb1 b4 15. cxb4 cxb4 16. Raa1 a5 17. Bxg7 Kxg7 18. Ng5 Bd7 19. e3 Ra6 20. d4 h6 21. Nf3 Bf5 22. Rc1 Be4 23. Rc5 e6 24. Ne5 Bxg2 25. Kxg2 Nxe5 26. Rxe5 Rfa8 27. Rb5 Kf6 28. Kf3 R8a7 29. Ke4 Ra8 30. Kd3 R8a7 31. Kc4 Ke7 32. Rc5 Kd6 33. Kb5 Ra8 34. Ka4 Rb8 35. Rac1 Rb7 36. Rb5 Rxb5 37. Kxb5 Ra8 38. Ka4 Rb8 0-1

[Event "ROM-ch U12"]
[Site "Calimanesti Caciulata"]
[Date "2016.04.18"]
[Round "1"]
[White "Cirlea, Nicolae"]
[Black "Gavris, Alexandru Catalin"]
[Result "0-1"]
[WhiteElo "1206"]
[BlackElo "1578"]
[PlyCount "118"]
[EventDate "2016.04.18"]
[EventType "swiss"]
[EventRounds "9"]
[EventCountry "ROU"]
[SourceTitle "CBM 172 Extra"]
[Source "ChessBase"]
[SourceDate "2016.06.21"]
[SourceVersion "1"]
[SourceVersionDate "2016.06.21"]
[SourceQuality "1"]

1. e4 c5 2. Nf3 Nc6 3. Bc4 d6 4. 0-0 Nf6 5. d3 g6 6. Bf4 Bg7 7. Nc3 Bg4 8. h3 Bd7 9. Ng5 0-0 10. Re1 Be8 11. Nf3 a6 12. e5 Nh5 13. Bd2 Nxe5 14. Nxe5 Bxe5 15. Bh6 Bg7 16. Bxg7 Nxg7 17. Qf3 Bc6 18. Bd5 Rc8 19. Bxc6 bxc6 20. Re2 d5 21. Rae1 e6 22. a3 Ne8 23. Na4 Qa5 24. Nc3 Rb8 25. Rb1 Nc7 26. Qg3 Nb5 27. Nxb5 cxb5 28. Re5 Qc7 29. Rbe1 c4 30. d4 b4 31. a4 Qa5 32. b3 cxb3 33. cxb3 Qb6 34. Rd1 a5 35. h4 Rbc8 36. h5 Rc3 37. Qg4 Rxb3 38. h6 Qd8 39. Rde1 Qf6 40. R1e3 Rxe3 41. Rxe3 Qf5 42. Qg3 Rc8 43. Re1 Qh5 44. Qf4 g5 45. Qf6 Qg6 46. Qxg6+ hxg6 47. Re3 g4 48. f3 Kh7 49. fxg4 Kxh6 50. Kf1 Rc3 51. Rxc3 bxc3 52. Ke1 Kg5 53. Kd1 Kxg4 54. Kc2 Kg3 55. Kxc3 Kxg2 56. Kd2 f5 57. Ke1 f4 58. Ke2 f3+ 59. Ke1 f2+ 0-1

[Event "ROM-ch U10"]
[Site "Calimanesti"]
[Date "2015.04.02"]
[Round "4"]
[White "Gavris, Alexandru Catalin"]
[Black "Titu, Robert Stefan"]
[Result "1-0"]
[WhiteElo "1401"]
[BlackElo "1319"]
[PlyCount "109"]
[EventDate "2015.03.30"]
[EventType "swiss"]
[EventRounds "9"]
[EventCountry "ROU"]
[SourceTitle "CBM 165 Extra"]
[Source "ChessBase"]
[SourceDate "2015.04.21"]
[SourceVersion "1"]
[SourceVersionDate "2015.04.21"]
[SourceQuality "1"]

1. e4 e6 2. d4 d5 3. e5 c5 4. c3 Nc6 5. Nf3 Qb6 6. Qb3 Qxb3 7. axb3 Nge7 8. g4 h5 9. g5 Nf5 10. Bh3 g6 11. Bxf5 gxf5 12. h4 cxd4 13. cxd4 Nb4 14. Kd2 b6 15. Na3 Ba6 16. Ne1 Rc8 17. Nac2 Nxc2 18. Nxc2 Be2 19. Rxa7 Bf3 20. Rh3 Be4 21. Rc3 Rxc3 22. bxc3 Be7 23. Ba3 Bd8 24. Bd6 Bxg5+ 25. hxg5 Rh7 26. Re7+ Kd8 27. g6 fxg6 28. Rxh7 f4 29. Rh6 Ke8 30. Ne1 Kf7 31. Rh8 Kg7 32. Rf8 g5 33. Rf6 Bf5 34. Rxf5 exf5 35. e6 Kf6 36. e7 Kf7 37. f3 h4 38. Ke2 g4 39. Kf2 h3 40. Kg1 g3 41. Kh1 g2+ 42. Nxg2 hxg2+ 43. Kxg2 b5 44. Kf2 Ke8 45. Ke2 Kd7 46. Kd3 Ke8 47. c4 bxc4+ 48. bxc4 dxc4+ 49. Kxc4 Kd7 50. d5 Ke8 51. Ba3 Kd7 52. d6 Ke8 53. Kc5 Kd7 54. Kd5 Ke8 55. Kc6 1-0

[Event "ROM-ch U10"]
[Site "Calimanesti"]
[Date "2015.04.02"]
[Round "5"]
[White "Veress, Armand"]
[Black "Gavris, Alexandru Catalin"]
[Result "1/2-1/2"]
[WhiteElo "1319"]
[BlackElo "1401"]
[PlyCount "95"]
[EventDate "2015.03.30"]
[EventType "swiss"]
[EventRounds "9"]
[EventCountry "ROU"]
[SourceTitle "CBM 165 Extra"]
[Source "ChessBase"]
[SourceDate "2015.04.21"]
[SourceVersion "1"]
[SourceVersionDate "2015.04.21"]
[SourceQuality "1"]

1. e4 d5 2. exd5 Qxd5 3. Nc3 Qd6 4. d4 Nf6 5. Bg5 c6 6. Qd2 Bf5 7. Nf3 h6 8. Bf4 Qd8 9. 0-0-0 e6 10. Bd3 Bxd3 11. Qxd3 Nbd7 12. Rhe1 Be7 13. h3 Nb6 14. Ne5 Nbd5 15. Bg3 Nd7 16. Qf3 Nxe5 17. dxe5 Qc7 18. Ne4 0-0 19. Qb3 Qb6 20. Qxb6 axb6 21. a3 b5 22. f4 b4 23. axb4 Bxb4 24. c3 Ra1+ 25. Kc2 Rxd1 26. Kxd1 Be7 27. Kc2 Rd8 28. Nd2 h5 29. Nc4 h4 30. Bh2 Kh7 31. Ne3 Nxe3+ 32. Rxe3 g5 33. Rd3 Rxd3 34. Kxd3 Kg6 35. Ke4 f5+ 36. Kf3 gxf4 37. Bxf4 Bg5 38. g3 Bxf4 39. gxf4 Kf7 40. Ke3 Ke7 41. Kd4 b6 42. b4 Kd7 43. Kc4 Kc7 44. Kb3 c5 45. Kc4 Kc6 46. b5+ Kc7 47. Kd3 Kd7 48. c4 1/2-1/2

[Event "ROM-ch U10"]
[Site "Calimanesti"]
[Date "2015.03.31"]
[Round "2"]
[White "Gavris, Alexandru Catalin"]
[Black "Voicu, Teodor Mihnea"]
[Result "1-0"]
[WhiteElo "1401"]
[BlackElo "1309"]
[PlyCount "147"]
[EventDate "2015.03.30"]
[EventType "swiss"]
[EventRounds "9"]
[EventCountry "ROU"]
[SourceTitle "CBM 165 Extra"]
[Source "ChessBase"]
[SourceDate "2015.04.21"]
[SourceVersion "1"]
[SourceVersionDate "2015.04.21"]
[SourceQuality "1"]

1. e4 e5 2. Nc3 Nc6 3. f4 d6 4. Nf3 Nf6 5. Bb5 Bd7 6. Bxc6 Bxc6 7. d3 exf4 8. Bxf4 Be7 9. 0-0 0-0 10. Qe1 Qd7 11. h3 h6 12. g4 g5 13. Be3 b6 14. Qg3 Kg7 15. Nd4 Rh8 16. Nf5+ Kg6 17. Nxe7+ Qxe7 18. Bd4 Nd7 19. Bxh8 Rxh8 20. Qf2 Kg7 21. Ne2 f6 22. Nd4 Qe8 23. Nxc6 Rf8 24. Nd4 Ne5 25. Nf3 c5 26. Nxe5 Qxe5 27. Rab1 Rh8 28. c3 h5 29. Qg2 Qe6 30. b3 hxg4 31. Qxg4 Qxg4+ 32. hxg4 Rh4 33. Rf5 Rxg4+ 34. Kf2 Kf7 35. Ke3 Ke7 36. Rbf1 Rg3+ 37. R5f3 Rg2 38. R1f2 Rg1 39. Rxf6 g4 40. Rf1 Rg2 41. R6f2 Rg3+ 42. Ke2 Ke6 43. Rh2 a6 44. Rff2 Rg1 45. Rfg2 Ra1 46. Ke3 Re1+ 47. Re2 Rg1 48. Rhg2 Rh1 49. Rxg4 Rh3+ 50. Kd2 b5 51. Reg2 Rh8 52. Rg6+ Kd7 53. d4 cxd4 54. cxd4 Rh4 55. R6g4 Rh1 56. d5 Kc7 57. Ke3 Re1+ 58. Re2 Rc1 59. Kf4 Kb6 60. e5 Rf1+ 61. Ke4 dxe5 62. Kxe5 Rd1 63. Rd4 Rf1 64. d6 Rf8 65. d7 Rd8 66. Kd6 a5 67. Re8 Rxd7+ 68. Kxd7 Kc5 69. Rh4 b4 70. Re5+ Kb6 71. Rh6+ Kb7 72. Rb5+ Ka7 73. Kc7 Ka8 74. Ra6# 1-0

[Event "ROM-ch U10"]
[Site "Calimanesti"]
[Date "2014.04.12"]
[Round "8"]
[White "Gavris, Alexandru Catalin"]
[Black "Jidovu, Mihnea Constantin"]
[Result "1-0"]
[WhiteElo "1366"]
[BlackElo "1090"]
[PlyCount "51"]
[EventDate "2014.04.06"]
[EventType "swiss"]
[EventRounds "9"]
[EventCountry "ROU"]
[SourceTitle "CBM 160 Extra"]
[Source "ChessBase"]
[SourceDate "2014.07.01"]
[SourceVersion "1"]
[SourceVersionDate "2014.07.01"]
[SourceQuality "1"]

1. e4 e5 2. Nf3 Nc6 3. d4 exd4 4. Bc4 Bb4+ 5. c3 dxc3 6. bxc3 Bc5 7. Qd5 Qe7 8. Nbd2 Nf6 9. Qd3 0-0 10. 0-0 d6 11. Bb2 Bg4 12. Nd4 Bxd4 13. cxd4 Nb4 14. Qc3 Nc6 15. d5 Ne5 16. Bb3 Ng6 17. a4 Rfe8 18. h3 Be2 19. Rfe1 Ba6 20. Nf3 Qd7 21. Rac1 Rac8 22. e5 dxe5 23. Nxe5 Nxe5 24. Rxe5 Rxe5 25. Qxe5 Qd6 26. Qxd6 1-0

[Event "ROM-ch U10"]
[Site "Calimanesti"]
[Date "2014.04.08"]
[Round "3"]
[White "Birtalan, Tamas"]
[Black "Gavris, Alexandru Catalin"]
[Result "1-0"]
[WhiteElo "1214"]
[BlackElo "1366"]
[PlyCount "39"]
[EventDate "2014.04.06"]
[EventType "swiss"]
[EventRounds "9"]
[EventCountry "ROU"]
[SourceTitle "CBM 160 Extra"]
[Source "ChessBase"]
[SourceDate "2014.07.01"]
[SourceVersion "1"]
[SourceVersionDate "2014.07.01"]
[SourceQuality "1"]

1. e4 d5 2. exd5 Qxd5 3. Nf3 Nf6 4. Nc3 Qd6 5. Bc4 c6 6. 0-0 Bg4 7. h3 Bh5 8. d3 e6 9. Qe2 Be7 10. Qe3 h6 11. Nh2 Bd8 12. Qf4 Qd7 13. Be3 Bc7 14. Qd4 Qe7 15. Ne4 Nbd7 16. Rfe1 Be5 17. Nxf6+ Qxf6 18. Qe4 Bxb2 19. Rab1 Bc3 20. Rf1 1-0